| 000 | 00748nam a22002055i 4500 | ||
|---|---|---|---|
| 001 | 171065 | ||
| 003 | ES-MaACL | ||
| 005 | 20250820152143.0 | ||
| 008 | 090427s1964 sp |||| | spa d | ||
| 080 | _a821.134.2 Azorín 1.06 | ||
| 080 | _a929 Azorín | ||
| 100 | 1 |
_aPérez de Ayala, Ramón, _d1880-1962 _990763 |
|
| 245 | 1 | 0 |
_aAnte Azorín / _cRamón Pérez de Ayala ; [edición recogida, ordenada y prologada por J. García Mercadal]. |
| 260 |
_aMadrid : _bBiblioteca Nueva, _c[1964] |
||
| 300 |
_a248 p., [1] de lám. ; _c17 cm. |
||
| 600 | 0 | 4 |
_aAzorín, _d1873-1967- _xCrítica e interpretación _924328 |
| 700 | 1 |
_aGarcía Mercadal, J., _d1883-1975 _9164264 |
|
| 852 |
_aES-MaACL _jG-10685 _9R.144700 |
||
| 999 |
_c171065 _d171065 |
||